Normal view
MARC view
- الروسان،فاروق/اعداد
Entry Personal Name
001 - CONTROL NUMBER
- control field: 22768
003 - CONTROL NUMBER IDENTIFIER
- control field: JO-AjAnu
005 - DATE AND TIME OF LATEST TRANSACTION
- control field: 20230606073926.0
008 - FIXED-LENGTH DATA ELEMENTS
- fixed length control field: 230606|| aca||aabn | a|a d
040 ## - CATALOGING SOURCE
- Original cataloging agency: JO-AjAnu
- Transcribing agency: JO-AjAnu
100 ## - HEADING--PERSONAL NAME
- Personal name: الروسان،فاروق/اعداد
670 ## - SOURCE DATA FOUND
- Source citation: Work cat.: (JO-AjAnu)11701: الروسان،فاروق/اعداد, author, دليل مقياس مهارات الكتابة للمعاقين عقليا